Palmarès de la Ligue des Champions - Statistiques

Statistiques générales
  • Ce quiz a été pris 6 622 fois
    582 depuis la dernière actualisation
  • Le résultat moyen est 18 sur 23
Statistiques - réponses
Club Titre(s) % Correct
Real Madrid 15
100%
FC Barcelone 5
99%
AC Milan 7
98%
Bayern Munich 6
98%
Liverpool 6
97%
Inter Milan 3
94%
Manchester United 3
94%
Olympique de Marseille 1
93%
Manchester City 1
90%
Chelsea 2
86%
Juventus 2
86%
Ajax Amsterdam 4
85%
Borussia Dortmund 1
85%
Porto 2
79%
Nottingham Forest 2
77%
Benfica Lisbonne 2
74%
Aston Villa 1
62%
Étoile Rouge de Belgrade 1
62%
PSV Eindhoven 1
61%
Celtic Glasgow 1
57%
Feyenoord 1
48%
Hambourg 1
47%
Steaua Bucarest 1
40%
Aucun quiz correspondant
Distribution des résultats
% des personnes avec chaque résultat
Percentile par nombre de réponses
Votre historique - résultats
Vous n’avez pas pris ce quiz depuis la dernière actualisation